Major Cities Beginning With 'San' - Statistics

General Stats
  • This quiz has been taken 293 times
  • The average score is 9 of 16
Answer Stats
Country Population Answer % Correct
United States 864,816 San Francisco
95%
Yemen 1,937,451 Sana'a
90%
Chile 4,837,295 Santiago
89%
United States 1,026,908 San Jose
87%
United States 1,394,928 San Diego
85%
El Salvador 525,990 San Salvador
82%
Dominican Republic 2,201,941 Santo Domingo
80%
United States 1,469,845 San Antonio
75%
Puerto Rico 418,140 San Juan
75%
Bolivia 1,364,389 Santa Cruz de la Sierra
46%
Spain 185,357 San Sebastian
29%
United States 84,099 Santa Fe
29%
Spain 182,700 Santander
20%
Brazil 411,403 Santos
14%
Mexico 722,772 San Luis Potosi
11%
Philippines 251,248 San Fernando
9%
No matching quizzes found
Score Distribution
Percent of People with Each Score
Percentile by Number Answered
Your Score History
You have not taken this quiz